000 00624nam a2200193 i 4500
001 bg
100 1 _aGARBACZ-ŁOPUCHOWA, Krystyna
245 0 _aOptymalny zbiór deskryptorów w tezaurusie maszyn rolniczych /
_cKrystyna Garbacz-Łopuchowa.
260 _aWarszawa :
_bCentrum Informacji Naukowej, Technicznej i Ekonomicznej. Wydaw-a Informacyjne,
_c1977.
300 _a66 s. :
_bil., rys. ;
_c24 cm.
490 1 _aPrace IINTE ;
_v6
504 _aBibliogr. s. 64-66.
830 _aPrace IINTE ;
040 _cBPK
041 _apol
080 _a025.43:631.3
942 _cKS
008 s pl f |000 0 pol
999 _c22713
_d22713
856 _uhttp://koha.tu.koszalin.pl/cgi-bin/koha/opac-detail.pl?biblionumber=22713
_yKatalog online BPK